[Event "Barcelona 2nd"]
[Site "Barcelona"]
[Date "2019.06.01"]
[Round "8.5"]
[White "Sanchez Arcusa, Guillem"]
[Black "Esteban Lupianez, Jose Miguel"]
[Result "1-0"]
[WhiteElo "1812"]
[BlackElo "1664"]
[PlyCount "67"]
[EventDate "2019.04.06"]
[EventType "tourn"]
[EventRounds "9"]
[EventCountry "ESP"]
[SourceTitle "EXT 2024"]
[Source "ChessBase"]
[SourceDate "2023.10.10"]
[SourceVersion "1"]
[SourceVersionDate "2023.10.10"]
[SourceQuality "1"]

1. e4 c5 2. Nf3 g6 3. d4 cxd4 4. Nxd4 Bg7 5. Be3 Nc6 6. c3 Nf6 7. Nxc6 bxc6 8. f3 0-0 9. Nd2 d5 10. Qc2 e5 11. Bc5 Re8 12. 0-0-0 Qc7 13. Qa4 Nd7 14. Nb3 Bh6+ 15. Kb1 Nxc5 16. Nxc5 Qb6 17. Rxd5 Be6 18. Nd7 Bxd7 19. Rxd7 Rab8 20. Qb3 Qxb3 21. axb3 Rxb3 22. Bc4 Rbb8 23. Bxf7+ Kf8 24. Bxe8 Rxe8 25. Rhd1 Re7 26. R1d6 Be3 27. Rxe7 Kxe7 28. Rxc6 Bb6 29. b4 Kd7 30. b5 Bc7 31. c4 Bd6 32. Kc2 a5 33. Kb3 Bb4 34. Ra6 1-0

[Event "Barcelona Sant Marti op 04th"]
[Site "Barcelona"]
[Date "2002.05.11"]
[Round "6.39"]
[White "Febrero Perez, Lluis"]
[Black "Sanchez Arcusa, Guillem"]
[Result "1-0"]
[WhiteElo "1780"]
[BlackElo "1700"]
[PlyCount "77"]
[EventDate "2002.04.06"]
[EventType "swiss"]
[EventRounds "9"]
[EventCountry "ESP"]
[SourceTitle "EXT 2003"]
[Source "ChessBase"]
[SourceDate "2002.11.25"]
[SourceVersion "1"]
[SourceVersionDate "2002.11.25"]
[SourceQuality "1"]

1. e4 e5 2. Nf3 Nc6 3. d4 d6 4. d5 Nce7 5. Bb5+ c6 6. Ba4 Bd7 7. c4 Nf6 8. Nc3 g6 9. c5 Qc7 10. cxd6 Qxd6 11. 0-0 cxd5 12. Re1 d4 13. Nb5 Bxb5 14. Bxb5+ Nc6 15. Qb3 Bg7 16. Bf4 0-0 17. Bg3 a6 18. Bxc6 bxc6 19. Bxe5 Qd7 20. Bxd4 Rfe8 21. Rad1 Qc7 22. Qc2 Re7 23. Bc5 Re6 24. Ng5 Re5 25. Bd6 Qa5 26. Bxe5 Qxe5 27. Qxc6 Re8 28. Qb7 Qxg5 29. Qxa6 Nxe4 30. Qa4 Qf5 31. Qxe8+ Bf8 32. Qxe4 Qxe4 33. Rxe4 Kg7 34. Rd2 Bb4 35. Rc2 Bd6 36. Rcc4 Be7 37. Ra4 Bf6 38. Ra8 Bxb2 39. Ra5 1-0